| 000 | 00353nam a22001457a 4500 | ||
|---|---|---|---|
| 003 | macl | ||
| 005 | 20190125153622.0 | ||
| 008 | 190125b xxu||||| |||| 00| 0 eng d | ||
| 040 | _cmacl | ||
| 100 |
_aKohli, Narendra _971245 |
||
| 245 | _aThe Great Epic Bondage | ||
| 260 |
_aNew Delhi _bSankalp _c2014 |
||
| 650 |
_aNovel _973702 |
||
| 942 |
_2ddc _cBK |
||
| 999 |
_c58926 _d58926 |
||